000 00452nam a22001697a 4500
999 _c164727
_d164727
005 20190525121618.0
010 _aB-091294
020 _a8126014121
_c200.00
035 _aB-091294
037 _bSahitya Akademi
082 _a954
245 _aIndology:
_bpast, present and future /
_cSaroja Bhate
260 _aNew Delhi
_bSahitya Akademi
300 _a237p.
_c22cm(hbk)
700 _aBhate, Saroja
942 _2ddc
_cEN
_h954
_mIND